Vladimír Kopecký : něco třetího mezi chaosem a řádem /

Hlavní autor: Kopecký, Vladimír, 1928-2016
Korporativní autor: Severočeská galerie výtvarného umění (Litoměřice, Česko)
Další autoři: Fulíková, Anna
Jazyk: Čeština
Vydáno: [Praha] : Retro Gallery, 2017
Témata:
Fyzický popis: 71 stran : ilustrace (převážně barevné) ; 26 cm
Knihy
Uloženo v:
LEADER 02166cam a2200541 i 4500
001 nkc20172938845
003 CZ PrNK
005 20180320140949.0
007 ta
008 170821s2017 xr a e c 000 0dcze d
015 |z cnb002938845 
020 |a 978-80-906816-1-3  |q (brožováno) 
040 |a OSA001  |b cze  |e rda 
043 |a e-xr--- 
045 |a x5y1 
072 7 |a 72/76  |x Výtvarné umění  |2 Konspekt  |9 21 
080 |a 72/76(437.3)  |2 MRF 
080 |a 7.036/.038  |2 MRF 
080 |a (437.3)  |2 MRF 
080 |a (083.824)  |2 MRF 
100 1 |a Kopecký, Vladimír,  |d 1928-2016  |7 jn20010602802  |4 art 
245 1 0 |a Vladimír Kopecký :  |b něco třetího mezi chaosem a řádem /  |c kurátor výstavy, autor textu: Anna Fulíková ; básně: Vladimír Kopecký 
246 3 0 |a Něco třetího mezi chaosem a řádem 
264 1 |a [Praha] :  |b Retro Gallery,  |c 2017 
300 |a 71 stran :  |b ilustrace (převážně barevné) ;  |c 26 cm 
336 |a text  |b txt  |2 rdacontent 
336 |a statický obraz  |b sti  |2 rdacontent 
337 |a bez média  |b n  |2 rdamedia 
338 |a svazek  |b nc  |2 rdacarrier 
500 |a Katalog vychází při příležitosti stejnojmenné výstavy v Severočeské galerii výtvarného umění v Litoměřicích konané ve dnech 22.6.-27.8.2017 
500 |a Životopisná data 
600 1 7 |a Kopecký, Vladimír,  |d 1931-  |7 jn20000401410  |2 czenas 
648 4 |a 1953-2016 
648 7 |a 20.-21. století  |7 ch462155  |2 czenas 
650 0 7 |a české výtvarné umění  |7 ph116865  |y 20.-21. století  |2 czenas 
650 0 7 |a moderní umění  |7 ph115340  |z Česko  |2 czenas 
650 0 9 |a Czech art  |y 20th-21st centuries  |2 eczenas 
650 0 9 |a modern art  |z Czechia  |2 eczenas 
655 7 |a katalogy výstav  |7 fd132536  |2 czenas 
655 9 |a exhibition catalogs  |2 eczenas 
700 1 |a Fulíková, Anna  |7 hka2017962882  |4 aut 
710 2 |a Severočeská galerie výtvarného umění (Litoměřice, Česko)  |7 kn20020321436  |4 orm 
910 2 |a BOA001  |b 3-1403.694 
920 |a 000720137  |z OSA001 
990 |a BK 
995 |a 11 
991 |b 201803  |c NOV 
996 6 |b 2610735900  |c 3-1403.694  |l MZK  |r Sklad / do 1 hodiny  |n 1  |p p.v.  |w 001653695  |u 000010  |a 1  |e BOA001  |j MZK50  |s P